[Event "47th IT Bosna 2017"]
[Site "Sarajevo"]
[Date "2017.05.16"]
[Round "6.31"]
[White "Muhibic, Cazim"]
[Black "Hrescak, Ivana"]
[Result "0-1"]
[WhiteElo "1956"]
[BlackElo "2111"]
[PlyCount "82"]
[EventDate "2017.05.13"]

1. Nf3 g6 2. g3 Bg7 3. Bg2 Nf6 4. d3 d6 5. e4 O-O 6. O-O c5 7. Nc3 Nc6 8. Be3
Bd7 9. Qc1 Rb8 10. Bh6 b5 11. Bxg7 Kxg7 12. Re1 e5 13. h3 Ne7 14. Kh2 Ne8 15.
Ng1 Nc7 16. f4 a5 17. g4 f6 18. f5 g5 19. Nf3 h6 20. Ne2 Bc6 21. Ng3 Be8 22.
Rh1 Bf7 23. Kg1 Rh8 24. Kf2 Nc6 25. h4 Qe7 26. Qd2 d5 27. Rh3 d4 28. Rah1 c4
29. Qc1 cxd3 30. cxd3 Nb4 31. Qd1 Nxa2 32. R1h2 Nb4 33. Bf1 Nca6 34. Kg1 Rbc8
35. Rg2 Qc7 36. hxg5 hxg5 37. Nh5+ Bxh5 38. gxh5 Qc1 39. Qb3 Nc5 40. Qa3 Ncxd3
41. Rgh2 Qe3+ 0-1

[Event "47th IT Bosna 2017"]
[Site "Sarajevo"]
[Date "2017.05.16"]
[Round "6.32"]
[White "Schettler, Juergen"]
[Black "Alaz, Ahmet Efekan"]
[Result "0-1"]
[WhiteElo "2111"]
[BlackElo "1965"]
[PlyCount "106"]
[EventDate "2017.05.13"]

1. b3 d5 2. Bb2 Bg4 3. h3 Bh5 4. Nf3 Nd7 5. c4 e6 6. d3 Ngf6 7. Nbd2 Bg6 8. g3
Be7 9. Bg2 O-O 10. O-O c6 11. a3 a5 12. cxd5 exd5 13. Nh4 Ne8 14. Nxg6 hxg6 15.
e3 Bd6 16. d4 Nc7 17. e4 dxe4 18. Nxe4 Be7 19. Re1 Re8 20. Qd2 Nd5 21. h4 Qb6
22. Qd3 Rad8 23. Nd2 Bf6 24. Nc4 Rxe1+ 25. Rxe1 Qb5 26. Qc2 Nf8 27. Bf1 Qa6 28.
Ne5 Qb6 29. Nf3 Ne6 30. Rd1 Ne7 31. Qc4 Nf5 32. Bd3 Nfxd4 33. Nxd4 Bxd4 34.
Bxd4 Rxd4 35. Qc2 Qc5 36. Qxc5 Nxc5 37. Bc2 Rxd1+ 38. Bxd1 Ne4 39. Kf1 Nd2+ 40.
Ke1 Nb1 41. a4 Kf8 42. Bc2 Nc3 43. Kd2 Nd5 44. Be4 Ke7 45. Kd3 Kd6 46. Kd4 Nc7
47. Bc2 b5 48. Bd1 Ne6+ 49. Ke4 bxa4 50. bxa4 Kc5 51. Ke5 Nd4 52. f4 f6+ 53.
Ke4 Nf5 0-1

[Event "47th IT Bosna 2017"]
[Site "Sarajevo"]
[Date "2017.05.16"]
[Round "6.33"]
[White "Nestorovic, Katarina"]
[Black "Petrovic, Marija"]
[Result "1-0"]
[WhiteElo "1918"]
[BlackElo "2083"]
[PlyCount "63"]
[EventDate "2017.05.13"]

1. e4 e5 2. Bc4 Qe7 3. Nc3 c6 4. Nf3 h6 5. O-O Nf6 6. d3 d6 7. Ne2 Qc7 8. Re1
Nbd7 9. Ng3 b5 10. Bb3 Nc5 11. c3 Nxb3 12. axb3 g6 13. Bd2 Bg7 14. Nh4 O-O 15.
h3 d5 16. Qc1 Kh7 17. f4 dxe4 18. Nxe4 Nxe4 19. Rxe4 exf4 20. Bxf4 Qd8 21. Nf3
Qxd3 22. Re7 a6 23. Ne5 Qd5 24. Qe3 Qxb3 25. Re1 Qd5 26. Qb6 Be6 27. Nxc6 g5
28. Bg3 Rac8 29. R1xe6 fxe6 30. Qa7 Kg6 31. Rxg7+ Kh5 32. Be1 1-0

[Event "47th IT Bosna 2017"]
[Site "Sarajevo"]
[Date "2017.05.16"]
[Round "6.34"]
[White "Slamar, Velimir"]
[Black "Selimovic, Amir"]
[Result "1/2-1/2"]
[WhiteElo "2059"]
[BlackElo "1941"]
[PlyCount "40"]
[EventDate "2017.05.13"]

1. Nf3 Nf6 2. c4 g6 3. Nc3 Bg7 4. d4 d6 5. e4 O-O 6. Be2 Na6 7. O-O e5 8. d5
Nc5 9. Nd2 Bh6 10. Qc2 a5 11. Nb3 Bxc1 12. Raxc1 Nfd7 13. Nd2 f5 14. b3 Nf6 15.
a3 Nfxe4 16. Ncxe4 Nxe4 17. Nxe4 fxe4 18. Qxe4 Qg5 19. Qe3 Qxe3 20. fxe3 Rxf1+
1/2-1/2

[Event "47th IT Bosna 2017"]
[Site "Sarajevo"]
[Date "2017.05.16"]
[Round "6.35"]
[White "Garabetyan, Arno"]
[Black "Okuyaz, Duru"]
[Result "1-0"]
[WhiteElo "2050"]
[BlackElo "1917"]
[PlyCount "25"]
[EventDate "2017.05.13"]

1. d4 d5 2. c4 c6 3. Nf3 Nf6 4. Qc2 e6 5. Nbd2 Nbd7 6. g3 Bd6 7. Bg2 O-O 8. O-O
Re8 9. Rd1 c5 10. e4 cxd4 11. Nxd4 Bc5 12. h3 Qc7 13. Qc3 {Neèitak formular}
1-0

[Event "47th IT Bosna 2017"]
[Site "Sarajevo"]
[Date "2017.05.16"]
[Round "6.36"]
[White "Celik, Eda"]
[Black "Cunjalo, Faris"]
[Result "1/2-1/2"]
[WhiteElo "1728"]
[BlackElo "2042"]
[PlyCount "59"]
[EventDate "2017.05.13"]

1. e4 c6 2. d4 d5 3. Nc3 dxe4 4. Nxe4 Nf6 5. Nxf6+ exf6 6. c3 Bd6 7. Bd3 O-O 8.
Be3 Re8 9. Ne2 Bg4 10. Qc2 g6 11. O-O-O Nd7 12. h3 Bxe2 13. Bxe2 Qc7 14. Kb1
Bf4 15. Bxf4 Qxf4 16. Bd3 Kg7 17. Qd2 Qxd2 18. Rxd2 f5 19. Rdd1 Nf6 20. Rhe1
Re6 21. Rxe6 fxe6 22. Bc4 Re8 23. Re1 Ne4 24. Re2 Kf6 25. Bd3 Nd6 26. f4 h6 27.
h4 g5 28. hxg5+ hxg5 29. fxg5+ Kxg5 30. Re3 1/2-1/2

[Event "47th IT Bosna 2017"]
[Site "Sarajevo"]
[Date "2017.05.16"]
[Round "6.37"]
[White "Urh, Zala"]
[Black "Janjic, Nikola"]
[Result "1-0"]
[WhiteElo "2036"]
[BlackElo "1909"]
[PlyCount "101"]
[EventDate "2017.05.13"]

1. e4 e5 2. Nf3 Nf6 3. d4 exd4 4. e5 Ne4 5. Qxd4 d5 6. exd6 Nxd6 7. Nc3 Nc6 8.
Qf4 Be7 9. Bd3 O-O 10. Be3 Be6 11. O-O-O Bf6 12. g4 Bxc3 13. bxc3 Qf6 14. Qxf6
gxf6 15. Nd4 Ne5 16. Nxe6 Nxd3+ 17. cxd3 fxe6 18. f4 b6 19. Rhe1 Kf7 20. Re2
Rad8 21. Kc2 Rfe8 22. Rde1 Rg8 23. h3 Rde8 24. Bc1 h5 25. Rg2 hxg4 26. hxg4 Rg6
27. Rh1 Reg8 28. Rh7+ R8g7 29. Rxg7+ Rxg7 30. g5 Nf5 31. Rh2 Ne7 32. Rh6 Rg6
33. Rh8 Rg8 34. Rxg8 Nxg8 35. Kb3 Ne7 36. Kc4 c6 37. Kb3 Nf5 38. Kb4 Nh4 39. c4
fxg5 40. fxg5 Nf3 41. c5 Ne5 42. cxb6 axb6 43. Kc3 Ng6 44. Be3 b5 45. Bd4 e5
46. Be3 Ke6 47. Kb4 Nf4 48. Kc5 Nxd3+ 49. Kxc6 Nb4+ 50. Kxb5 Nxa2 51. Kc4 1-0

[Event "47th IT Bosna 2017"]
[Site "Sarajevo"]
[Date "2017.05.16"]
[Round "6.38"]
[White "Marn, Jan"]
[Black "Lakusic, Zoran"]
[Result "1-0"]
[WhiteElo "2035"]
[BlackElo "1775"]
[PlyCount "83"]
[EventDate "2017.05.13"]

1. d4 Nf6 2. c4 e6 3. Nc3 Bb4 4. e3 b6 5. Nge2 Bb7 6. a3 Bxc3+ 7. Nxc3 d5 8. f3
dxc4 9. Bxc4 Nd5 10. O-O Nxc3 11. bxc3 a5 12. e4 Ba6 13. Bxa6 Nxa6 14. f4 O-O
15. f5 exf5 16. exf5 f6 17. Rf4 Qd5 18. Qf1 Rfe8 19. Bd2 Nc5 20. c4 Qd7 21. Re1
Nb3 22. Bc3 Rxe1 23. Qxe1 Re8 24. Re4 Rxe4 25. Qxe4 h6 26. Qe6+ Qxe6 27. fxe6
Kf8 28. Kf2 Ke7 29. d5 Nc5 30. Ke3 Nb7 31. Bd4 g6 32. Kd3 f5 33. Be5 Nd6 34.
Kd4 c5+ 35. Kd3 g5 36. h4 Ne8 37. h5 Nf6 38. Bc7 Nxh5 39. Bxb6 Nf4+ 40. Kc3
Nxg2 41. Bxc5+ Ke8 42. d6 1-0

[Event "47th IT Bosna 2017"]
[Site "Sarajevo"]
[Date "2017.05.16"]
[Round "6.39"]
[White "Mrndjic, Muamer"]
[Black "Zaloznik, Vesna"]
[Result "1-0"]
[WhiteElo "2199"]
[BlackElo "1504"]
[PlyCount "27"]
[EventDate "2017.05.13"]

1. d4 Nf6 2. Nf3 d5 3. c4 c6 4. e3 Bf5 5. cxd5 cxd5 6. Nc3 e6 7. Ne5 a6 8. g4
Bg6 9. h4 h5 10. g5 Ne4 11. Nxg6 fxg6 12. Nxe4 dxe4 13. Qb3 Qd5 14. Bc4 1-0

[Event "47th IT Bosna 2017"]
[Site "Sarajevo"]
[Date "2017.05.16"]
[Round "6.40"]
[White "Lapo, Safet"]
[Black "Buzeti, Jernej"]
[Result "0-1"]
[WhiteElo "1844"]
[BlackElo "2196"]
[PlyCount "36"]
[EventDate "2017.05.13"]

1. d4 d5 2. Bf4 Nf6 3. e3 c5 4. c3 Qb6 5. Qb3 c4 6. Qxb6 axb6 7. Na3 Nc6 8. Nf3
Bf5 9. Be2 e6 10. Nb5 Kd7 11. O-O Ra5 12. a4 Be7 13. Rfc1 h6 14. Ne5+ Nxe5 15.
Bxe5 Rha8 16. Bd1 Ne8 17. h3 Bd6 18. f3 f6 {Neèitak formular} 0-1

[Event "47th IT Bosna 2017"]
[Site "Sarajevo"]
[Date "2017.05.16"]
[Round "6.41"]
[White "Gligorevic, Milorad"]
[Black "Reinhard, Marcus"]
[Result "1-0"]
[WhiteElo "1823"]
[BlackElo "2168"]
[PlyCount "58"]
[EventDate "2017.05.13"]

1. e4 c5 2. Nf3 Nc6 3. Nc3 e6 4. d4 cxd4 5. Nxd4 a6 6. Be3 Nge7 7. f4 Nxd4 8.
Bxd4 b5 9. Qg4 Bb7 10. f5 Nc6 11. Bxg7 Rg8 12. f6 Qa5 13. Qg5 Bb4 14. Qd2 Rc8
15. Bd3 Ne5 16. O-O h5 17. Qh6 d6 18. Qxh5 Kd7 19. a4 Bc5+ 20. Kh1 b4 21. Ne2
b3 22. Rad1 bxc2 23. Bxc2 Kc7 24. Nd4 Bxd4 25. Rxd4 Kb8 26. Qd1 Qc5 27. Bb3 Ng4
28. Qd2 Qh5 29. g3 Nxf6 {Neèitak formular} 1-0

[Event "47th IT Bosna 2017"]
[Site "Sarajevo"]
[Date "2017.05.16"]
[Round "6.42"]
[White "Aleksic, Neven"]
[Black "Strinic, Hamdija"]
[Result "1-0"]
[WhiteElo "2121"]
[BlackElo "1749"]
[PlyCount "69"]
[EventDate "2017.05.13"]

1. d4 Nf6 2. c4 g6 3. Nc3 Bg7 4. e4 d6 5. Nf3 O-O 6. Be2 Nbd7 7. Be3 e5 8. d5
Ne8 9. Nd2 f5 10. f3 f4 11. Bf2 g5 12. b4 b6 13. Nb3 Rf7 14. c5 Nf8 15. a4 Ng6
16. a5 bxc5 17. bxc5 h5 18. a6 Nf6 19. Na5 g4 20. Nc6 Qf8 21. cxd6 cxd6 22. Nb5
Nxe4 23. fxe4 f3 24. gxf3 Nf4 25. Bf1 Nh3 26. Bxh3 gxh3 27. Ra3 Bg4 28. fxg4
Rxf2 29. Ne7+ Qxe7 30. Kxf2 Bf6 31. Rf1 Qd7 32. Kg1 Qxb5 33. Kh1 Qb2 34. Rxh3
Rc8 35. g5 1-0

[Event "47th IT Bosna 2017"]
[Site "Sarajevo"]
[Date "2017.05.16"]
[Round "6.43"]
[White "Sahin, Doga Boran"]
[Black "Gaspar, Zdravko"]
[Result "1-0"]
[WhiteElo "2060"]
[BlackElo "1689"]
[PlyCount "60"]
[EventDate "2017.05.13"]

1. e4 c6 2. d4 d5 3. e5 Bf5 4. Nf3 e6 5. Be2 Ne7 6. Be3 Nd7 7. O-O Ng6 8. c4
dxc4 9. Bxc4 Nb6 10. Be2 Nd5 11. Nc3 Ndf4 12. Nd2 Nxe2+ 13. Qxe2 Ne7 14. g4 Bg6
15. f4 h5 16. Nc4 Nd5 17. f5 Bh7 18. Ne4 hxg4 19. Ncd6+ Bxd6 20. Nxd6+ Kd7 21.
fxe6+ fxe6 22. Rf7+ Ne7 23. Bg5 Bg6 24. Rxe7+ Qxe7 25. Bxe7 Kxe7 26. Qe3 Rh5
27. Qa3 Kf8 28. Nf5+ Kg8 29. Ne7+ Kh7 30. Nxg6 Kxg6 1-0

[Event "47th IT Bosna 2017"]
[Site "Sarajevo"]
[Date "2017.05.16"]
[Round "6.44"]
[White "Salkic, Midhat"]
[Black "Erece, Ece Alkim"]
[Result "1-0"]
[WhiteElo "2042"]
[BlackElo "1686"]
[PlyCount "87"]
[EventDate "2017.05.13"]

1. d4 Nf6 2. Nf3 c5 3. c4 g6 4. Nc3 Bg7 5. e3 O-O 6. Be2 cxd4 7. exd4 d5 8. O-O
dxc4 9. Bxc4 Nbd7 10. Re1 Nb6 11. Bb3 Bg4 12. h3 Bxf3 13. Qxf3 Qd7 14. Bf4 Rfd8
15. Rad1 a6 16. Be5 Re8 17. h4 Rad8 18. Rc1 Kh8 19. Rc2 Rf8 20. Rce2 Qc6 21.
Qxc6 bxc6 22. Bc7 Nbd5 23. Bxd8 Rxd8 24. Nxd5 Nxd5 25. Bxd5 cxd5 26. Rxe7 Bxd4
27. Re8+ Rxe8 28. Rxe8+ Kg7 29. Rd8 Bxb2 30. Rxd5 Bc3 31. Kf1 a5 32. a4 Kf6 33.
Ke2 Ke6 34. Rb5 h5 35. f3 Kf6 36. Kd3 Be1 37. Ke4 Bd2 38. Rb6+ Kg7 39. Ra6 f6
40. Kd5 g5 41. hxg5 fxg5 42. Ke4 Kf7 43. Kf5 h4 44. Rg6 1-0

[Event "47th IT Bosna 2017"]
[Site "Sarajevo"]
[Date "2017.05.16"]
[Round "6.45"]
[White "Jovovic, Milan"]
[Black "Vrce, Anes"]
[Result "1-0"]
[WhiteElo "2032"]
[BlackElo "1648"]
[PlyCount "70"]
[EventDate "2017.05.13"]

1. d4 Nf6 2. Bf4 d6 3. e3 g6 4. Nd2 Bg7 5. Ngf3 O-O 6. c3 Bg4 7. h3 Bxf3 8.
Qxf3 d5 9. g4 e6 10. h4 h5 11. Bh3 Nc6 12. Bg5 e5 13. gxh5 e4 14. Qg2 Qd6 15.
Bf4 Qe7 16. hxg6 Nh5 17. gxf7+ Rxf7 18. Bg5 Qd6 19. Bg4 Qg6 20. Qh3 Re8 21. Rg1
Nd8 22. Bxd8 Rxd8 23. Ke2 Qa6+ 24. Ke1 Qg6 25. Rg2 Rd6 26. Ke2 Kh8 27. Rag1 b6
28. Ke1 c5 29. Bd7 Qh6 30. Be8 Re7 31. Qc8 Kh7 32. Qf5+ Kh8 33. Bxh5 Qf6 34.
Qc8+ Kh7 35. Bg6+ Kh6 1-0

[Event "47th IT Bosna 2017"]
[Site "Sarajevo"]
[Date "2017.05.16"]
[Round "6.47"]
[White "Markovic, Rade A"]
[Black "Ananya, Rishi Gupta"]
[Result "0-1"]
[WhiteElo "1749"]
[BlackElo "1955"]
[PlyCount "61"]
[EventDate "2017.05.13"]

1. e4 e5 2. Nf3 Nc6 3. Bc4 Nf6 4. Nc3 Bc5 5. O-O d6 6. h3 O-O 7. d3 h6 8. Ne2
Be6 9. Bb3 Bb6 10. Ng3 d5 11. Qe2 Re8 12. Be3 Kh7 13. Rad1 Qd7 14. Kh2 Rad8 15.
c3 Qe7 16. Bc2 dxe4 17. Nxe4 Nxe4 18. Bxb6 Nxc3 19. d4+ Kg8 20. bxc3 axb6 21.
dxe5 Bxa2 22. Rxd8 Rxd8 23. Qe4 g6 24. Qf4 Bd5 25. Be4 Bxe4 26. Qxe4 Qe6 27.
Qf4 Kg7 28. Re1 Rd5 29. h4 Rc5 30. Re3 Rc4 31. Nd4 0-1

[Event "47th IT Bosna 2017"]
[Site "Sarajevo"]
[Date "2017.05.16"]
[Round "6.48"]
[White "Krug, Franz-Dieter"]
[Black "Zenelaj, Fisnik"]
[Result "0-1"]
[WhiteElo "1605"]
[BlackElo "1919"]
[PlyCount "52"]
[EventDate "2017.05.13"]

1. d4 Nf6 2. c4 g6 3. Nc3 Bg7 4. e4 d6 5. h3 O-O 6. Bg5 c6 7. Bxf6 Bxf6 8. Nf3
e5 9. d5 Na6 10. a3 c5 11. Bd3 Bg7 12. Qc2 f5 13. O-O-O Nc7 14. Kb1 a6 15. Rdf1
Rb8 16. Nd2 b5 17. cxb5 axb5 18. Qb3 Bd7 19. Qa2 b4 20. axb4 cxb4 21. Na4 Bb5
22. Bxb5 Nxb5 23. Rc1 Nd4 24. b3 Bh6 25. Rc4 Qg5 26. Nf3 Qxg2 0-1

[Event "47th IT Bosna 2017"]
[Site "Sarajevo"]
[Date "2017.05.16"]
[Round "6.49"]
[White "Peric, Pero"]
[Black "Colpa, Husein"]
[Result "0-1"]
[WhiteElo "1678"]
[BlackElo "1904"]
[PlyCount "77"]
[EventDate "2017.05.13"]

1. e4 c5 2. Nf3 d6 3. h3 Nc6 4. Bb5 Bd7 5. Nc3 e6 6. b3 Qc7 7. d3 a6 8. Bxc6
Bxc6 9. O-O Nf6 10. Nh2 b5 11. a4 b4 12. Ne2 d5 13. f3 Rd8 14. Qe1 Bd6 15. f4
dxe4 16. dxe4 Nxe4 17. Ng4 h5 18. Ne3 Be7 19. Bb2 h4 20. Nc4 f6 21. Rd1 Rd5 22.
Nc1 Rxd1 23. Qxd1 Kf7 24. Nd3 Ng3 25. Re1 Bd5 26. Ne3 c4 27. Nxd5 exd5 28. Nf2
Qc6 29. Qf3 Rd8 30. Ng4 Qc5+ 31. Kh2 Bd6 32. Rd1 Bc7 33. Ne3 c3 34. Bc1 d4 35.
Nc4 Qd5 36. Qg4 Qh5 37. Rd3 Qxg4 38. hxg4 g5 39. Rf3 0-1

[Event "47th IT Bosna 2017"]
[Site "Sarajevo"]
[Date "2017.05.16"]
[Round "6.51"]
[White "Vujicic, Dragisa"]
[Black "Pleh, Semir"]
[Result "0-1"]
[WhiteElo "1914"]
[BlackElo "1678"]
[PlyCount "89"]
[EventDate "2017.05.13"]

1. e4 e5 2. Nf3 d6 3. Bc4 Be7 4. h3 Nf6 5. d3 O-O 6. c3 c6 7. Bb3 b5 8. a4 a5
9. O-O Ba6 10. Re1 Nbd7 11. d4 Qc7 12. Nbd2 c5 13. d5 c4 14. axb5 Bxb5 15. Ba4
Bxa4 16. Rxa4 Nb6 17. Ra2 a4 18. Ra3 Nfd7 19. Qc2 Nc5 20. Nf1 Nd3 21. Rd1 f5
22. Ng3 fxe4 23. Nxe4 Nxd5 24. Rxd3 cxd3 25. Qxd3 Nb6 26. Neg5 g6 27. Ne6 Qc4
28. Qe3 Qxe6 29. Qxb6 Qf5 30. Ra1 e4 31. Nh2 Qc5 32. Qxc5 dxc5 33. Bh6 Rfe8 34.
Ng4 g5 35. h4 gxh4 36. Re1 Bd8 37. f3 Kf7 38. fxe4 Kg6 39. Bf4 Bg5 40. Bd6 Be7
41. Bf4 a3 42. bxa3 Rxa3 43. Be5 Bg5 44. Bd6 Rxc3 45. Ne5+ 0-1

[Event "47th IT Bosna 2017"]
[Site "Sarajevo"]
[Date "2017.05.16"]
[Round "6.52"]
[White "Tutic, Amina"]
[Black "Cabric, Izet"]
[Result "0-1"]
[WhiteElo "1431"]
[BlackElo "1895"]
[PlyCount "68"]
[EventDate "2017.05.13"]

1. e4 d6 2. d4 Nf6 3. Nc3 g6 4. Be3 Bg7 5. Qd2 Nc6 6. O-O-O Ng4 7. Bb5 a6 8.
Be2 Nxe3 9. Qxe3 e5 10. Nf3 exd4 11. Nxd4 Nxd4 12. Rxd4 Bxd4 13. Qxd4 O-O 14.
Rd1 Be6 15. Bf3 Qg5+ 16. Kb1 Qe5 17. Nd5 Bxd5 18. Qxd5 Qxd5 19. Rxd5 Rae8 20.
e5 dxe5 21. Rd7 e4 22. Be2 Rc8 23. Bc4 b5 24. Bd5 Rcd8 25. Bxf7+ Kg7 26. Be6+
Rxd7 27. Bxd7 Rxf2 28. c3 e3 29. Bg4 e2 30. Bxe2 Rxe2 31. b3 Rxg2 32. a4 Rxh2
33. axb5 axb5 34. c4 c6 0-1

[Event "47th IT Bosna 2017"]
[Site "Sarajevo"]
[Date "2017.05.16"]
[Round "6.56"]
[White "Halilovic, Fahrudin"]
[Black "Radaca, Nasir"]
[Result "1-0"]
[WhiteElo "2032"]
[BlackElo "1636"]
[PlyCount "113"]
[EventDate "2017.05.13"]

1. e4 c5 2. d3 d6 3. g3 Nf6 4. Bg2 e6 5. f4 Nc6 6. Nf3 Be7 7. O-O O-O 8. c3 Qc7
9. Na3 a6 10. Nc2 Bd7 11. Ne3 b5 12. h3 a5 13. g4 h6 14. g5 hxg5 15. fxg5 Nh7
16. h4 Be8 17. Bh3 Nd8 18. Ng2 Bd7 19. Nf4 c4 20. d4 Qb7 21. e5 d5 22. Qc2 b4
23. g6 fxg6 24. Qxg6 Ra6 25. Nh5 Rf7 26. Ng5 Nf8 27. Qc2 Rxf1+ 28. Kxf1 Be8 29.
Nf4 Bxg5 30. hxg5 Qf7 31. Kg1 Ng6 32. Qf2 Nxf4 33. Bxf4 Qh5 34. Kg2 Ra7 35. Rh1
Qg6 36. Qh4 Qe4+ 37. Kg1 Qb1+ 38. Bf1 Nf7 39. Rh2 Kf8 40. cxb4 axb4 41. Bd2 Rb7
42. Rf2 Qg6 43. Be2 Kg8 44. Bh5 Qb1+ 45. Kh2 g6 46. Bg4 Rb6 47. Qh3 Qxb2 48.
Be3 Qb1 49. Bxe6 Qe4 50. Bg4 b3 51. axb3 Rxb3 52. Rf3 Rb2+ 53. Kg3 c3 54. e6
Nd6 55. Rf8+ Kxf8 56. Qh8+ Ke7 57. Qf6# 1-0

[Event "47th IT Bosna 2017"]
[Site "Sarajevo"]
[Date "2017.05.16"]
[Round "6.57"]
[White "Kuljanin, Filip"]
[Black "Babic, Milana"]
[Result "1-0"]
[WhiteElo "1895"]
[BlackElo "1520"]
[PlyCount "93"]
[EventDate "2017.05.13"]

1. e4 e5 2. Nf3 Nc6 3. Bc4 Nf6 4. Ng5 d5 5. exd5 Na5 6. Bb5+ c6 7. dxc6 bxc6 8.
Be2 Be7 9. d3 O-O 10. O-O Bf5 11. Nc3 Nd5 12. Nge4 Nxc3 13. Nxc3 Qd7 14. Bf3
Rad8 15. Be3 Rfe8 16. Ne4 h6 17. a3 Ra8 18. d4 exd4 19. Qxd4 Qxd4 20. Bxd4 Bxe4
21. Bxe4 Bd6 22. Bf3 Red8 23. Bc3 Nc4 24. Bxc6 Rab8 25. Ba4 Rdc8 26. Bb3 Nb6
27. Rfd1 Bc7 28. Rd3 Rd8 29. Rad1 Rxd3 30. Rxd3 Re8 31. Kf1 a6 32. a4 Rd8 33.
Rxd8+ Bxd8 34. Ba5 Bc7 35. Ke2 Kf8 36. Kd3 f6 37. f4 Ke7 38. f5 Kd7 39. Kd4
Be5+ 40. Kc5 Na8 41. c3 Bxh2 42. Be6+ Ke7 43. Kc6 h5 44. Kb7 Kd6 45. Kxa8 Kc5
46. Kb7 h4 47. Bb4# 1-0

[Event "47th IT Bosna 2017"]
[Site "Sarajevo"]
[Date "2017.05.16"]
[Round "6.58"]
[White "Colpa, Fahrudin"]
[Black "Fejzic, Danis"]
[Result "1-0"]
[WhiteElo "1882"]
[BlackElo "1439"]
[PlyCount "50"]
[EventDate "2017.05.13"]

1. e4 e5 2. Nf3 d6 3. d4 exd4 4. Nxd4 Nf6 5. Nc3 g6 6. Be3 Bg7 7. f3 O-O 8. Qd2
Nc6 9. O-O-O Bd7 10. g4 a5 11. h4 h5 12. gxh5 Nxh5 13. Rg1 Kh7 14. Be2 Nxd4 15.
Bxd4 Bh6 16. Be3 Bxe3 17. Qxe3 Rh8 18. f4 Kg7 19. f5 Nf6 20. Qg5 Qe7 21. h5 Rh6
22. hxg6 fxg6 23. Bd3 Rh5 24. Qf4 Rh6 25. e5 dxe5 1-0

[Event "47th IT Bosna 2017"]
[Site "Sarajevo"]
[Date "2017.05.16"]
[Round "6.59"]
[White "Bajic, Salko"]
[Black "Beslija, Hana"]
[Result "1/2-1/2"]
[WhiteElo "1732"]
[BlackElo "1113"]
[PlyCount "66"]
[EventDate "2017.05.13"]

1. e4 d5 2. Nf3 dxe4 3. Ng5 f5 4. Bc4 Nh6 5. Qh5+ g6 6. Qh4 e5 7. f4 exf3 8.
Nxf3 Qxh4+ 9. Nxh4 e4 10. g3 Nc6 11. Nc3 Nd4 12. Kd1 Ng4 13. Rf1 Nxh2 14. Rf2
Ng4 15. Rf1 a6 16. Ne2 Nxe2 17. Kxe2 Bd7 18. d3 exd3+ 19. Bxd3 O-O-O 20. Bf4
Bc6 21. a3 Be7 22. Nf3 Bxf3+ 23. Rxf3 Rhe8 24. Kd2 Bf6 25. c3 Ne5 26. Bxe5 Bxe5
27. Rh1 Re7 28. Kc2 Rde8 29. Rg1 Bd6 30. Kd2 Bc5 31. Rgf1 Be3+ 32. Kc2 Bh6 33.
R1f2 Re3 1/2-1/2

[Event "47th IT Bosna 2017"]
[Site "Sarajevo"]
[Date "2017.05.16"]
[Round "6.62"]
[White "Rakita, Jandrija"]
[Black "Johnen, Franz"]
[Result "0-1"]
[WhiteElo "1680"]
[BlackElo "1707"]
[PlyCount "87"]
[EventDate "2017.05.13"]

1. e4 c5 2. Bc4 e6 3. d4 cxd4 4. Qxd4 Nc6 5. Qd1 Nge7 6. Nc3 a6 7. a4 Qa5 8.
Bd2 Qc5 9. Bd3 Ne5 10. Be3 Qc7 11. h3 N7c6 12. Nge2 Be7 13. O-O O-O 14. f4 Nxd3
15. cxd3 b6 16. Rc1 Qd8 17. Qb3 Rb8 18. Nd4 Na5 19. Qd1 d5 20. exd5 exd5 21.
Qh5 Bb7 22. Nf5 Bf6 23. Nd4 Re8 24. Bf2 g6 25. Qg4 Nc6 26. Nf3 Bc8 27. Qg3 Bf5
28. d4 Rc8 29. Ne5 Nb4 30. Qf3 Bxe5 31. fxe5 Nd3 32. Ra1 Be4 33. Nxe4 dxe4 34.
Qxe4 Nxb2 35. Be3 Qd7 36. Bh6 f5 37. Qe2 Qd5 38. Qf2 Nd3 39. Qa2 Rc4 40. Be3
Rec8 41. Kh2 Kf7 42. Rad1 Nb4 43. Qf2 Nc2 44. Rd3 {Neèitak formular} 0-1

[Event "47th IT Bosna 2017"]
[Site "Sarajevo"]
[Date "2017.05.17"]
[Round "7.1"]
[White "Demchenko, Anton"]
[Black "Nestorovic, Nikola"]
[Result "1-0"]
[WhiteElo "2629"]
[BlackElo "2506"]
[PlyCount "67"]
[EventDate "2017.05.13"]

1. e4 e5 2. Nf3 Nc6 3. Bc4 Nf6 4. d3 Bc5 5. c3 O-O 6. Bg5 Be7 7. Nbd2 d6 8. a4
a5 9. O-O h6 10. Bh4 Nh7 11. Bg3 Ng5 12. h3 Ne6 13. Re1 Bg5 14. Nf1 Bf4 15. Ne3
Ne7 16. Bh4 g5 17. Bg3 Kh7 18. d4 f6 19. Nf5 Qe8 20. Bd3 h5 21. Bb5 Qf7 22. Bc4
Qe8 23. dxe5 dxe5 24. Qe2 Bd7 25. b3 Rd8 26. Rad1 Bxg3 27. Rxd7 Rxd7 28. Bxe6
g4 29. Bxd7 gxf3 30. Qxf3 Bxf2+ 31. Kxf2 Qxd7 32. Qxh5+ Kg8 33. Qg4+ Kf7 34.
Nh6+ 1-0

[Event "47th IT Bosna 2017"]
[Site "Sarajevo"]
[Date "2017.05.17"]
[Round "7.2"]
[White "Kadric, Denis"]
[Black "Perunovic, Milos"]
[Result "1/2-1/2"]
[WhiteElo "2535"]
[BlackElo "2603"]
[PlyCount "48"]
[EventDate "2017.05.13"]

1. e4 c5 2. Nc3 e6 3. Nf3 d6 4. d4 cxd4 5. Nxd4 Nf6 6. g4 h6 7. h3 Nc6 8. f4 d5
9. e5 Nd7 10. Be3 Be7 11. Qd2 g5 12. O-O-O gxf4 13. Bxf4 Ndxe5 14. Nxc6 Nxc6
15. Kb1 e5 16. Bg3 d4 17. Bc4 Qa5 18. Qd3 Be6 19. Bxe6 fxe6 20. Qg6+ Kd7 21.
Rhe1 Rag8 22. Qf7 Rf8 23. Qg6 Rfg8 24. Qf7 Rf8 1/2-1/2

[Event "47th IT Bosna 2017"]
[Site "Sarajevo"]
[Date "2017.05.17"]
[Round "7.3"]
[White "Lajthajm, Borko"]
[Black "Nikolic, Predrag"]
[Result "1/2-1/2"]
[WhiteElo "2428"]
[BlackElo "2607"]
[PlyCount "139"]
[EventDate "2017.05.13"]

1. d4 d5 2. c4 dxc4 3. Nc3 a6 4. a4 Nc6 5. Nf3 Bg4 6. d5 Bxf3 7. gxf3 Na5 8.
Bf4 Nf6 9. e4 c6 10. dxc6 Nxc6 11. Bxc4 e6 12. Be3 Bb4 13. Qxd8+ Rxd8 14. O-O
Nd4 15. Kg2 Nc2 16. Rac1 Nxe3+ 17. fxe3 Ke7 18. Rc2 Bxc3 19. Rxc3 Rd2+ 20. Rf2
Rxf2+ 21. Kxf2 Rc8 22. Ke2 Rc5 23. Rc2 Nd7 24. f4 Rh5 25. Kd3 f6 26. b4 Kd6 27.
Rg2 g6 28. Kd2 Nb8 29. Be2 Rh4 30. Bf1 e5 31. Rf2 Nc6 32. Kc3 Nd8 33. b5 axb5
34. Bxb5 exf4 35. exf4 Ne6 36. Rd2+ Kc7 37. Rd7+ Kb8 38. Rd6 Nxf4 39. Rxf6 g5
40. Kd4 Rxh2 41. e5 Rh1 42. Ke4 Re1+ 43. Kf5 Ng6 44. Kxg5 Nxe5 45. Rf5 Nc6 46.
Rf8+ Ka7 47. Rh8 Rh1 48. Kf4 Nd4 49. Bd3 Ne6+ 50. Ke3 Rh3+ 51. Kd2 Nc5 52. Bc2
h6 53. a5 Ka6 54. Ra8+ Kb5 55. Bf5 Rh4 56. Ke3 Rh5 57. Bg4 Re5+ 58. Kf2 Kb4 59.
Bf3 Re7 60. Ra7 Kb5 61. Kg2 Rd7 62. Kg3 Rd3 63. Kg2 Rd7 64. Kg3 Rf7 65. Kg2 Rd7
66. Kg3 Kc4 67. a6 bxa6 68. Rxd7 Nxd7 69. Be2+ Kd4 70. Bxa6 1/2-1/2

[Event "47th IT Bosna 2017"]
[Site "Sarajevo"]
[Date "2017.05.17"]
[Round "7.4"]
[White "Stojanovic, Dalibor"]
[Black "Damljanovic, Branko"]
[Result "1/2-1/2"]
[WhiteElo "2478"]
[BlackElo "2543"]
[PlyCount "57"]
[EventDate "2017.05.13"]

1. e4 c5 2. Nf3 e6 3. d4 cxd4 4. Nxd4 Nf6 5. Nc3 d6 6. Be2 Be7 7. Be3 O-O 8.
O-O Nc6 9. f4 e5 10. Nb3 a5 11. fxe5 dxe5 12. Qxd8 Bxd8 13. Bb5 Be6 14. Bc5 Re8
15. Rad1 h5 16. h3 Rc8 17. Rfe1 Nd7 18. Bf2 Rf8 19. Nd5 Ncb8 20. c4 b6 21. Rc1
Nc5 22. Nxc5 bxc5 23. Rcd1 f6 24. Re2 g6 25. Nc3 Be7 26. Nd5 Bd8 27. Nc3 Be7
28. Nd5 Bd8 29. Nc3 1/2-1/2